Southville International School and Colleges
Your cart is empty.
  • Cart
  • Lists
    Public lists Eva Luna New books Lux_list list_1
    Your lists Log in to create your own lists
  • Log in to your account
  • Your cookies
  • Search history
Southville International School and Colleges
  • Advanced search
  • Recent comments
  • Most popular
  • Libraries

Log in to your account

Log in with GOOGLE


If you do not have an external account, but do have a local account, you can still log in:

  1. Home
  2. MARC view: Chinese idioms. /
Normal view MARC view ISBD view

Chinese idioms. / (Record no. 6795)

[ view plain ]
MARC details
000 -LEADER
fixed length control field 00538nam a22002057a 4500
003 - CONTROL NUMBER IDENTIFIER
control field OSt
005 - DATE AND TIME OF LATEST TRANSACTION
control field 20140310181917.0
008 - FIXED-LENGTH DATA ELEMENTS--GENERAL INFORMATION
fixed length control field 130716t xxu||||| |||| 00| 0 eng d
020 ## - INTERNATIONAL STANDARD BOOK NUMBER
International Standard Book Number 9812042318
050 ## - LIBRARY OF CONGRESS CALL NUMBER
Classification number PL 1273
Item number .T161 2002
082 ## - DEWEY DECIMAL CLASSIFICATION NUMBER
Classification number TR 495.131
Item number T15 2002
100 ## - MAIN ENTRY--PERSONAL NAME
Personal name Tan, Huay Peng
9 (RLIN) 1068
245 ## - TITLE STATEMENT
Title Chinese idioms. /
Statement of responsibility, etc Tan Huay Peng.
300 ## - PHYSICAL DESCRIPTION
Extent 143p. : ill. ;
Dimensions 18 cm.
521 ## - TARGET AUDIENCE NOTE
Target audience note
541 ## - IMMEDIATE SOURCE OF ACQUISITION NOTE
-- 1
562 ## - COPY AND VERSION IDENTIFICATION NOTE
Number of copies 1
650 ## - SUBJECT ADDED ENTRY--TOPICAL TERM
Source of heading or term Chinese language--Idioms.--I. Title.
942 ## - ADDED ENTRY ELEMENTS (KOHA)
Source of classification or shelving scheme Library of Congress Classification
Koha item type
Call number prefix
Holdings
Withdrawn status Lost status Source of classification or shelving scheme Damaged status Home library Current library Shelving location Date acquired Total Checkouts Full call number Barcode Date last seen Date checked out Copy number Price effective from Koha item type
    Library of Congress Classification   Luxembourg Library Luxembourg Library Teachers Reference Section   1 PL 1273 .T161 2002 vol.1 11117 06/15/2023 05/11/2023 1 10/03/2013 Books
    Library of Congress Classification   Luxembourg Library Luxembourg Library Teachers Reference Section 07/16/2013 1 PL 1273 .T161 2002 vol.2 11116 06/15/2023 05/11/2023 2 10/03/2013 Books

Chinese idioms. /

APA

Tan H. P., .Chinese idioms. : .

Chicago

Tan Huay Peng, .Chinese idioms. : .

Harvard

Tan H. P., .Chinese idioms. : .

MLA

Tan Huay Peng, .: . .

  • Place hold
  • Print
  • Cite
  • Add to your cart (remove)
  • Save record
    BIBTEX Dublin Core MARCXML MARC (non-Unicode/MARC-8) MARC (Unicode/UTF-8) MARC (Unicode/UTF-8, Standard) MODS (XML) RIS
  • More searches
    Search for this title in:
    Other Libraries (WorldCat) Other Databases (Google Scholar) Online Stores (Bookfinder.com) Open Library (openlibrary.org)

Exporting to Dublin Core...

SOUTHVILLE LIBRARY

Southville International School and Colleges Library

1281 Tropical Ave. Cor. Luxembourg St., BF Homes International, Las Pinas City

Tel. No. 8256374 / 252358 Loc. 117/146

Powered by Koha